Linkages between agricultural policies and environmental effects using the OECD stylised agri-environmental policy impact model

Salvato in:
Dettagli Bibliografici
Natura: Libro
Lingua:inglese
Pubblicazione: Paris OECD 2010
Serie:OECD green growth strategy
Soggetti:
Tags: Aggiungi Tag
Nessun Tag, puoi essere il primo ad aggiungerne!!

MARC

LEADER 00000nam a2200000 4500
001 0126986
005 20240315120858.7
020 |a 978-92-64-09569-4 
041 0 |a eng 
044 |a FR 
245 1 0 |a Linkages between agricultural policies and environmental effects  |b using the OECD stylised agri-environmental policy impact model 
264 1 |a Paris  |b OECD  |c 2010 
300 |a 172 s. 
490 1 |a OECD green growth strategy 
830 0 |a OECD green growth strategy 
610 2 0 |a politika poľnohospodárska 
610 2 0 |a politika environmentálna 
610 2 0 |a modely ekonometrické 
610 2 0 |a pôda 
610 2 0 |a efekt skleníkový 
610 2 0 |a voda 
610 2 0 |a diverzita biologická 
610 2 0 |a farmy 
610 2 0 |a simulácia 
610 2 0 |a modelovanie ekonometrické 
610 2 0 |a analýzy